| 000 | 00578nam a22001817a 4500 | ||
|---|---|---|---|
| 999 |
_c62199 _d62199 |
||
| 005 | 20240731164241.0 | ||
| 008 | 240731s2019 fr ||||| |||| 00| 0 fra d | ||
| 020 | _a 9782832109137X | ||
| 041 | _afra | ||
| 080 | _a821.133.31 S-46 | ||
| 100 |
_aSemadeni, Leta _d(Author) _923035 |
||
| 245 |
_a Tamangur :Roman / _cLeta Semaden; traduit de l' allemand barbara fontaine |
||
| 264 |
_aGenève: _bSlatkine, _c2019. |
||
| 300 |
_a181 pages :. _b 22 cm. |
||
| 653 | _aრომანი | ||
| 700 |
_a fontaine, barbara _e მთარგმნელი _923036 |
||
| 942 |
_2udc _cBK |
||